000 00385cam a2200157ua 4500
041 _amal
_h
082 _a894.812 308
_bPAD/PU
100 _aPadiyath, .
245 _aPuthiya Thalamura /
_cPadiyath.
_hTextual Documents
250 _a1 /
_b.
260 _aThrissur :
_bBandoeny Publication House ,
_c1961.
300 _a172 ; .
504 _a
942 _cBK
999 _c3941
_d3941